LEADER 01123nam a2200253 4500 001 000000341746 003 CaOOAMICUS 005 20200826094602.0 008 200826s1877 it a 000 u ita r 040 $aSeMil$bita 100 11$aToussenel, Alphonse,$d<1803-1885>.$0(OLS)http://semarc/name/68317 240 12$aL'esprit des bêtes.$0(OLS)http://semarc/title/430653 245 03$aLo spirito degli animali /$cA. Toussenel ; illustrato da Emilio Bayard. 264 1$aMilano :$bPaolo Carrara,$c[1877] 300 $aVIII, 307 p. :$bill. ;$c27 cm 500 $aCon dedica autografa alla Biblioteca 650 4$aAnimali - Comportamento.$0(OLS)http://semarc/subject/13665 650 4$aZoologia.$0(OLS)http://semarc/subject/3894 700 1 $aBayard, Émile ,$d<1837-1891>,$eillustratore.$0(OLS)http://semarc/name/111948 850 $aSeMil 852 $aSeMil$W1$xVenegono$y1$m3XE V 6 FA$j221136$B232770$CSeMilBibl$Z2$F232770 $8I 996 $6245$aLo spirito degli animali$9(OLS)http://semarc/title/430654 996 $6264$aMilano :$bPaolo Carrara$9(OLS)http://semarc/publisher/36541 LEADER 01108nam a2200217 i 4500 001 000000067888 003 CaOOAMICUS 005 20130603000000.0 008 130603s1747 xx u000 u lat u 013 $a39060 026 $aMOGE a-e- e-m. cove (3) 1746 (R) 040 $aSeMil$bita 245 10$aPars sexta de dominio utili, in specie de feudo, accedit doctrina de interpretatione, de iure ex communione primaeva residuo .. 300 $a[24], 744, [24] p. 500 $aSegn. : a-c4 A-5D4. 773 0 $aWolff, Christian Gottlieb $tJus naturae methodo scientifica pertractatum. Pars 1. [-8.] ... Authore Christiano Wolfio ..$bEditio nova cum privilegiis.$dFrancofurti et Lipsiae : Prostat in Officina libraria Rengeriana, 1741-1756.$g6$w()9550 850 $aSeMil 852 $aSeMil$W1$xVenegono$y1$m2O II 13 FA$j34041$B34041$CSeMilBibl$Z2$F34044 $8I 941 1 $a10 961 $aRecupero: Mantegazza 996 $6245$aPars sexta de dominio utili, in specie de feudo, accedit doctrina de interpretatione, de iure ex communione primaeva residuo ..$9(OLS)http://semarc/title/108276